Deep of life / (Record no. 4914)
[ view plain ]
| 000 -LEADER | |
|---|---|
| fixed length control field | 00292cam a2200133ua 4500 |
| 041 ## - LANGUAGE CODE | |
| Language code of text/sound track or separate title | eng |
| 082 ## - DEWEY DECIMAL CLASSIFICATION NUMBER | |
| Classification number | 828.09 |
| Item number | LAW/DE |
| 100 ## - MAIN ENTRY--AUTHOR NAME | |
| Personal name | Lawrence, D H . |
| 245 ## - TITLE STATEMENT | |
| Title | Deep of life / |
| 300 ## - PHYSICAL DESCRIPTION | |
| Number of Pages | 229 ; . |
| 942 ## - ADDED ENTRY ELEMENTS (KOHA) | |
| Koha item type | Books |
| Withdrawn status | Lost status | Damaged status | Home library | Current library | Date acquired | Full call number | Accession Number | Koha item type | Public note |
|---|---|---|---|---|---|---|---|---|---|
| Withdrawn | KAUAET | Sanskrit University | 07/04/2012 | 828.09 | 6130 | Books | Transferred to Sanskrit University |
